| 000 | 01483cam a2200337 i 4500 | ||
|---|---|---|---|
| 001 | xx002354583 | ||
| 003 | NUKAT | ||
| 005 | 20260212101028.0 | ||
| 008 | 120204s2011 pl a |000 0 pol c | ||
| 020 |
_a9788362129980 _q(oprawa miękka) |
||
| 020 |
_a9788362129959 _q(oprawa twarda) |
||
| 035 | _a(OCoLC)804238002 | ||
| 035 | _a(NUKAT)xx002354583 | ||
| 040 |
_aWA U/79ZS _bpol _erda _cWA U/ZS _dWA U/79ZSs _dOLSZT 008/bak |
||
| 245 | 0 | 0 |
_aW kierunku Europy regionów : _banaliza socjologiczna / _cpod redakcją Janusza Erenca i Anety Szopny ; Kaszubsko-Pomorska Szkoła Wyższa. |
| 260 |
_aWejherowo : _bKaszubsko-Pomorska Szkoła Wyższa w Wejherowie, _c2011 _e(Gdańsk : _fprzygotowanie do druku i druk Wydawnictwo Maszoperia Literacka). |
||
| 300 |
_a378 stron : _bilustracje ; _c21 cm. |
||
| 336 |
_aTekst _btxt _2rdacontent |
||
| 337 |
_aBez urządzenia pośredniczącego _bn _2rdamedia |
||
| 338 |
_aWolumin _bnc _2rdacarrier |
||
| 650 | 7 |
_aRegionalizm _zEuropa _y1990-. _2kaba _936525 |
|
| 650 | 7 |
_aSocjologia _y1990-. _2kaba _936526 |
|
| 651 | 7 |
_aEuropa _xzjednoczenie _y1990-. _2kaba _936527 |
|
| 700 | 1 |
_aErenc, Janusz. _eRedakcja _936523 |
|
| 700 | 1 |
_aSzopny, Aneta. _eRedakcja _936524 |
|
| 710 | 2 |
_aKaszubsko-Pomorska Szkoła Wyższa (Wejherowo). _eInstytucja sprawcza _eWydawca _4pbl _936522 |
|
| 710 | 2 |
_aWydawnictwo Maszoperia Literacka. _eDruk _4prt _936521 |
|
| 920 | _a978-83-62129-98-0 (oprawa miękka) | ||
| 920 | _a978-83-62129-95-9 (oprawa twarda) | ||
| 942 |
_2ddc _cBK_NM |
||
| 999 |
_c26608 _d26608 |
||